000 00245nam a22000857a 4500
008 160704b xxu||||| |||| 00| 0 eng d
100 _92042
_a Bhagwat, L
245 _aA Trip to Heaven and other Stories
260 _aNew Delhi
_bNational Book Trust
_c1970
999 _c1741
_d1741